<?xml version="1.0" encoding="UTF-8"?>
<collection xmlns="http://www.loc.gov/MARC21/slim">
  <record>
    <leader>00000nam  2200000   4500</leader>
    <controlfield tag="001">INLIS000000000049572</controlfield>
    <controlfield tag="005">20170301134654.0</controlfield>
    <controlfield tag="006"/>
    <controlfield tag="007"/>
    <controlfield tag="008">                                        </controlfield>
    <datafield tag="020" ind1="#" ind2="#">
      <subfield code="a">978-602-296-058-4</subfield>
    </datafield>
    <datafield tag="035" ind1="#" ind2="#">
      <subfield code="0">010-031700000000017</subfield>
    </datafield>
    <datafield tag="040" ind1="#" ind2="#">
      <subfield code="a">NBPDMAT</subfield>
    </datafield>
    <datafield tag="082" ind1="#" ind2="#">
      <subfield code="a">362.29</subfield>
    </datafield>
    <datafield tag="090" ind1="#" ind2="#">
      <subfield code="a">R.362.29</subfield>
      <subfield code="b">Ind h</subfield>
    </datafield>
    <datafield tag="100" ind1="#" ind2="#">
      <subfield code="a">Indonesia</subfield>
    </datafield>
    <datafield tag="245" ind1="#" ind2="#">
      <subfield code="a">Himpunan lengkap Undang-undang Narkotika dan Psikotropika</subfield>
      <subfield code="c">/ Indonesia</subfield>
    </datafield>
    <datafield tag="250" ind1="#" ind2="#">
      <subfield code="a">Cet. 1</subfield>
    </datafield>
    <datafield tag="260" ind1="#" ind2="#">
      <subfield code="a">Yogyakarta</subfield>
      <subfield code="b">Laksana</subfield>
      <subfield code="c">2013</subfield>
    </datafield>
    <datafield tag="300" ind1="#" ind2="#">
      <subfield code="a">438 hlm. :</subfield>
      <subfield code="c">20 cm</subfield>
    </datafield>
    <datafield tag="650" ind1="#" ind2="#">
      <subfield code="a">Narkotika - Undang-undang dan Peraturan</subfield>
    </datafield>
    <datafield tag="850" ind1="#" ind2="#">
      <subfield code="a">NBPDMAT</subfield>
    </datafield>
    <datafield tag="990" ind1="#" ind2="#">
      <subfield code="a">21606183</subfield>
    </datafield>
    <datafield tag="990" ind1="#" ind2="#">
      <subfield code="a">21606184</subfield>
    </datafield>
  </record>
</collection>
